[Event "Arad op-A"]
[Site "Arad"]
[Date "2011.08.10"]
[Round "8"]
[White "Chereches, Marius"]
[Black "Garbea, Bogdan"]
[Result "1-0"]
[WhiteElo "2280"]
[BlackElo "2258"]
[PlyCount "66"]
[EventDate "2011.08.05"]
[EventType "swiss"]
[EventRounds "9"]
[EventCountry "ROU"]
[SourceTitle "CBM 143 Extra"]
[Source "ChessBase"]
[SourceDate "2011.08.29"]
[SourceVersion "1"]
[SourceVersionDate "2011.08.29"]
[SourceQuality "1"]

1. e4 c5 2. Nf3 e6 3. d4 cxd4 4. Nxd4 a6 5. Bd3 Nf6 6. 0-0 Qc7 7. c4 d6 8. Nc3 b6 9. Be3 Bb7 10. Rc1 Nbd7 11. f3 Be7 12. Qd2 0-0 13. Rfd1 Rac8 14. Bf1 Qb8 15. Bf2 Rfd8 16. Nc2 h5 17. Ne3 Ne5 18. b3 h4 19. Be2 Nh5 20. g3 hxg3 21. hxg3 Nf6 22. Kg2 d5 23. cxd5 Ba3 24. Rc2 Bb4 25. Qc1 Rxc3 26. Rxc3 exd5 27. Nxd5 Nxd5 28. exd5 Bxc3 29. Qxc3 Bxd5 30. Bd4 Re8 31. Kf2 Bb7 32. Rc1 Re6 33. Bd1 Nc6 1-0

[Event "Puspokladany Arnoth Memorial 04th"]
[Site "Puspokladany"]
[Date "2011.07.29"]
[Round "4"]
[White "Chereches, Marius"]
[Black "Fekete, Albert"]
[Result "1/2-1/2"]
[WhiteElo "2280"]
[BlackElo "2257"]
[PlyCount "100"]
[EventDate "2011.07.27"]
[EventType "swiss"]
[EventRounds "9"]
[EventCountry "HUN"]
[SourceTitle "EXT 2018"]
[Source "ChessBase"]
[SourceDate "2017.10.13"]
[SourceVersion "1"]
[SourceVersionDate "2017.10.13"]
[SourceQuality "1"]

1. e4 c5 2. Nf3 Nc6 3. Nc3 d6 4. d4 cxd4 5. Nxd4 e5 6. Nf5 Bxf5 7. exf5 Qd7 8. Nd5 Nge7 9. f6 Nxd5 10. fxg7 Bxg7 11. Qxd5 0-0 12. c3 Ne7 13. Qb5 Qxb5 14. Bxb5 d5 15. 0-0 Nc6 16. f4 a6 17. Ba4 e4 18. f5 Bf6 19. Bh6 Rfe8 20. Rae1 Rad8 21. Bc2 b5 22. Bc1 Ne5 23. Re2 Rd7 24. g4 Kh8 25. g5 Rg8 26. h4 Nf3+ 27. Kf2 Bd8 28. Bf4 Bc7 29. Bxc7 Rxc7 30. Rh1 b4 31. Bxe4 dxe4 32. Rxe4 bxc3 33. Kxf3 cxb2 34. Rb1 Rb8 35. Kg4 h6 36. Re2 Rcb7 37. Kh5 hxg5 38. hxg5 Kh7 39. Rh2 Rb4 40. a3 Rc4 41. g6+ fxg6+ 42. fxg6+ Kg7 43. Rbxb2 Rh8+ 44. Kg5 Rxh2 45. Rxh2 Rc5+ 46. Kf4 Kxg6 47. Rb2 Ra5 48. Rb3 Kf6 49. Ke4 Ke6 50. Kd4 Kd6 1/2-1/2

[Event "Satu Mare op 2nd"]
[Site "Satu Mare"]
[Date "2011.07.16"]
[Round "3"]
[White "Manolache, Marius"]
[Black "Chereches, Marius"]
[Result "1-0"]
[WhiteElo "2533"]
[BlackElo "2280"]
[PlyCount "97"]
[EventDate "2011.07.15"]
[EventType "swiss"]
[EventRounds "9"]
[EventCountry "ROU"]
[SourceTitle "CBM 143 Extra"]
[Source "ChessBase"]
[SourceDate "2011.08.29"]
[SourceVersion "1"]
[SourceVersionDate "2011.08.29"]
[SourceQuality "1"]

1. d4 Nf6 2. c4 e6 3. Nc3 d5 4. Nf3 Be7 5. Bf4 0-0 6. Qc2 Nbd7 7. cxd5 exd5 8. e3 c5 9. Be2 cxd4 10. Nxd4 Nc5 11. 0-0 Be6 12. Rfd1 Rc8 13. Rac1 Qb6 14. Qb1 Rfd8 15. Ncb5 Ne8 16. Bf3 a6 17. Nc3 Nf6 18. h3 Re8 19. Rc2 Nce4 20. Nxe4 dxe4 21. Bxe4 Nxe4 22. Rxc8 Bxc8 23. Qxe4 g6 24. Bg5 Be6 25. Bxe7 Rxe7 26. Qe5 Qd8 27. Rd2 Qc7 28. Nxe6 fxe6 29. Qd4 e5 30. Qd5+ Kg7 31. a4 Qc1+ 32. Kh2 Qc7 33. Qd6 Qxd6 34. Rxd6 Kf7 35. Kg3 Rc7 36. Rb6 h6 37. b3 Kg7 38. h4 h5 39. a5 Kh6 40. b4 e4 41. f3 Re7 42. Kf4 exf3 43. gxf3 Rf7+ 44. Kg3 Re7 45. e4 Rc7 46. e5 Kg7 47. Kf4 Kh6 48. e6 Kg7 49. Kg5 1-0

[Event "Baile Felix Cup 26th"]
[Site "Baile Felix"]
[Date "2011.05.22"]
[Round "4"]
[White "Bodiroga, Predrag"]
[Black "Chereches, Marius"]
[Result "0-1"]
[WhiteElo "2384"]
[BlackElo "2281"]
[PlyCount "76"]
[EventDate "2011.05.20"]
[EventType "swiss"]
[EventRounds "7"]
[EventCountry "ROU"]
[SourceTitle "CBM 142 Extra"]
[Source "ChessBase"]
[SourceDate "2011.06.27"]
[SourceVersion "1"]
[SourceVersionDate "2011.06.27"]
[SourceQuality "1"]

1. d4 Nf6 2. c4 e6 3. Nc3 d5 4. cxd5 exd5 5. Bg5 Be7 6. e3 h6 7. Bf4 0-0 8. Bd3 Be6 9. Nf3 c5 10. dxc5 Bxc5 11. 0-0 Nc6 12. a3 Nh5 13. Be5 Nxe5 14. Nxe5 Qg5 15. Nf3 Qe7 16. Be2 Rad8 17. Nd4 Nf6 18. Qd3 Ne4 19. Rad1 Nxc3 20. Qxc3 Bd6 21. g3 Rfe8 22. Rd2 Be5 23. Qb3 Rd6 24. Rfd1 Rb6 25. Qa4 Bb8 26. Bf3 Rc8 27. Rc2 Rd8 28. b4 Ra6 29. Qb3 Bd7 30. Qxd5 Rd6 31. Qxb7 Qf6 32. b5 Be6 33. Rcc1 R6d7 34. Qc6 Rd6 35. Qb7 R6d7 36. Qc6 Rd6 37. Qe4 Bd5 38. Qxd5 Rxd5 0-1

[Event "HUN-chT2 Toth 1011"]
[Site "Hungary"]
[Date "2011.04.10"]
[Round "8.2"]
[White "Chereches, Marius"]
[Black "Restas, Peter"]
[Result "1/2-1/2"]
[WhiteElo "2268"]
[BlackElo "2275"]
[PlyCount "79"]
[EventDate "2010.09.12"]
[EventType "team-tourn"]
[EventRounds "11"]
[EventCountry "HUN"]
[SourceTitle "EXT 2012"]
[Source "ChessBase"]
[SourceDate "2011.11.24"]
[SourceVersion "1"]
[SourceVersionDate "2011.11.24"]
[SourceQuality "1"]
[WhiteTeam "Gyula"]
[BlackTeam "Mako"]
[WhiteTeamCountry "HUN"]
[BlackTeamCountry "HUN"]

1. e4 c5 2. Nf3 d6 3. d4 cxd4 4. Nxd4 Nf6 5. f3 e5 6. Nb3 Be6 7. c4 a5 8. a4 Nbd7 9. Be3 Be7 10. Nc3 0-0 11. Be2 Nb6 12. Nd2 Nfd7 13. 0-0 Bg5 14. f4 Bxf4 15. Bxf4 exf4 16. Rxf4 Qg5 17. g3 Qc5+ 18. Kg2 Ne5 19. b3 g5 20. Rf1 f5 21. exf5 Bxf5 22. Nde4 Qe3 23. Nxd6 Bg6 24. Nd5 Be4+ 25. Nxe4 Qxe4+ 26. Kg1 Rxf1+ 27. Qxf1 Nxd5 28. cxd5 Rf8 29. Qe1 Qd4+ 30. Kh1 Rf2 31. Bc4 Rxh2+ 32. Kxh2 Nf3+ 33. Kg2 Nxe1+ 34. Rxe1 Kg7 35. Re7+ Kg6 36. d6 Qb2+ 37. Re2 Qd4 38. Re7 Kf5 39. Rf7+ Kg6 40. Re7 1/2-1/2

[Event "HUN-chT2 Maroczy 0910"]
[Site "Hungary"]
[Date "2010.03.21"]
[Round "8"]
[White "Szabolcsi, Janos"]
[Black "Chereches, Marius"]
[Result "1-0"]
[WhiteElo "2373"]
[BlackElo "2331"]
[PlyCount "159"]
[EventDate "2009.11.08"]
[EventType "team-tourn"]
[EventRounds "11"]
[EventCountry "HUN"]
[SourceTitle "EXT 2011"]
[Source "ChessBase"]
[SourceDate "2010.11.26"]
[SourceVersion "1"]
[SourceVersionDate "2010.11.26"]
[SourceQuality "1"]
[WhiteTeam "Nyiregyhaza"]
[BlackTeam "Gyula"]
[WhiteTeamCountry "HUN"]
[BlackTeamCountry "HUN"]

1. d4 d5 2. Nf3 e6 3. c4 c5 4. cxd5 exd5 5. g3 Nc6 6. Bg2 Nf6 7. 0-0 cxd4 8. Nxd4 Qb6 9. Nb3 Be6 10. Be3 Qd8 11. Nc3 Bb4 12. Nb5 0-0 13. Rc1 Qd7 14. a3 Be7 15. Nc5 Bxc5 16. Bxc5 Rfd8 17. Nd4 Bh3 18. Nxc6 bxc6 19. Bxh3 Qxh3 20. f3 Re8 21. Rf2 Re6 22. Qb3 Rae8 23. Rc2 h5 24. Bxa7 h4 25. Bb8 hxg3 26. hxg3 Re3 27. Qb4 Qf5 28. Rd2 Qb1+ 29. Kg2 Qe1 30. Ba7 R3e6 31. Rc2 Qxb4 32. axb4 Ra8 33. Bd4 Ra4 34. Bc3 Nd7 35. Rf1 Ra2 36. Kf2 Kf8 37. Rcc1 Re8 38. Rh1 f6 39. Ra1 Rxa1 40. Rxa1 Ke7 41. Ra6 Rc8 42. Ke3 Rc7 43. Kd4 Nb8 44. Ra5 Kd6 45. g4 Rb7 46. Be1 Nd7 47. Ra8 g5 48. Bc3 Rb8 49. Ra6 Rb7 50. Ke3 Ne5 51. Ra8 Ke6 52. Re8+ Kd7 53. Rg8 Ke6 54. Kd4 Rb5 55. Bd2 Kd6 56. Kc3 Ke6 57. Be3 Rb7 58. Bc5 Kf7 59. Rd8 Rd7 60. Rb8 Rc7 61. Rh8 Ke6 62. Kd4 Rb7 63. Kc3 Rb5 64. Re8+ Kf7 65. Re7+ Kg6 66. Rc7 Rb8 67. Bd4 Re8 68. Bxe5 Rxe5 69. Rxc6 Rxe2 70. b5 d4+ 71. Kxd4 Rxb2 72. b6 Rb3 73. Ke4 Kf7 74. Kd5 Rxf3 75. Rc5 f5 76. b7 Rb3 77. Kc6 fxg4 78. Rb5 Rc3+ 79. Kd5 Rd3+ 80. Ke4 1-0

[Event "Bader Memorial op"]
[Site "Heves"]
[Date "2009.03.29"]
[Round "6"]
[White "Chereches, Marius"]
[Black "Juhasz, Bela"]
[Result "1/2-1/2"]
[WhiteElo "2353"]
[BlackElo "2169"]
[PlyCount "66"]
[EventDate "2009.03.26"]
[EventType "swiss"]
[EventRounds "7"]
[EventCountry "HUN"]
[SourceTitle "EXT 2011"]
[Source "ChessBase"]
[SourceDate "2010.11.26"]
[SourceVersion "1"]
[SourceVersionDate "2010.11.26"]
[SourceQuality "1"]

1. e4 c5 2. Nf3 e6 3. d4 cxd4 4. Nxd4 a6 5. c4 Nf6 6. Nc3 d6 7. Be2 Be7 8. 0-0 0-0 9. Be3 Nbd7 10. Qd2 Qc7 11. Rfd1 b6 12. Rac1 Bb7 13. f3 Rfe8 14. Bf1 Rac8 15. Bf2 Qb8 16. Nc2 Red8 17. Ne3 Bc6 18. Bg3 Qb7 19. Ned5 Bf8 20. Bh4 b5 21. Nxf6+ Nxf6 22. Kh1 Be7 23. Bf2 h6 24. Bd4 Be8 25. b3 bxc4 26. Bxc4 Bb5 27. Bd3 Bxd3 28. Qxd3 d5 29. e5 Nd7 30. Na4 Ba3 31. Rb1 Be7 32. Rbc1 Ba3 33. Rb1 Be7 1/2-1/2

[Event "Bader Memorial op"]
[Site "Heves"]
[Date "2009.03.27"]
[Round "3"]
[White "Chereches, Marius"]
[Black "Dostan, Janos"]
[Result "1-0"]
[WhiteElo "2353"]
[BlackElo "2164"]
[PlyCount "69"]
[EventDate "2009.03.26"]
[EventType "swiss"]
[EventRounds "7"]
[EventCountry "HUN"]
[SourceTitle "EXT 2011"]
[Source "ChessBase"]
[SourceDate "2010.11.26"]
[SourceVersion "1"]
[SourceVersionDate "2010.11.26"]
[SourceQuality "1"]

1. e4 e5 2. Nf3 d6 3. d4 Nf6 4. dxe5 Nxe4 5. Qd5 Nc5 6. Bg5 Be7 7. exd6 Qxd6 8. Nc3 Be6 9. Qxd6 Bxd6 10. Nb5 Nc6 11. 0-0-0 Ne4 12. Nxd6+ Nxd6 13. Bf4 0-0-0 14. Bxd6 Rxd6 15. Rxd6 cxd6 16. Bb5 h6 17. Re1 Kc7 18. Kd2 a6 19. Bxc6 bxc6 20. Nd4 Kd7 21. Nxe6 fxe6 22. Re4 Rf8 23. Ke3 Rf5 24. Rf4 Rxf4 25. Kxf4 a5 26. h4 g6 27. b3 Kc7 28. g4 Kb6 29. Ke4 e5 30. h5 gxh5 31. gxh5 Kc5 32. Kf5 Kd5 33. c3 a4 34. bxa4 Kc4 35. a5 1-0

[Event "HUN-chT2 Maroczy 0809"]
[Site "Hungary"]
[Date "2008.12.21"]
[Round "4"]
[White "Gara, Gyorgy"]
[Black "Chereches, Marius"]
[Result "0-1"]
[WhiteElo "2104"]
[BlackElo "2352"]
[PlyCount "67"]
[EventDate "2008.10.26"]
[EventType "tourn"]
[EventRounds "11"]
[EventCountry "HUN"]
[SourceTitle "EXT 2010"]
[Source "ChessBase"]
[SourceDate "2010.11.25"]
[SourceVersion "1"]
[SourceVersionDate "2010.11.25"]
[SourceQuality "1"]
[WhiteTeam "Matra"]
[BlackTeam "Gyula"]
[WhiteTeamCountry "HUN"]
[BlackTeamCountry "HUN"]

1. d4 d5 2. Nd2 Nf6 3. e3 Bf5 4. Ngf3 e6 5. a3 Bd6 6. b3 Nbd7 7. Bb2 0-0 8. h3 c6 9. Ne5 Qc7 10. g4 Be4 11. Nxe4 Nxe4 12. Nxd7 Qxd7 13. Bd3 f5 14. f4 Qd8 15. Bxe4 Qh4+ 16. Kd2 fxe4 17. Qe1 Qe7 18. c4 g5 19. c5 Bc7 20. fxg5 Qxg5 21. Qe2 Rf3 22. Raf1 Raf8 23. Bc1 Qh4 24. Kc3 Rxf1 25. Rxf1 Qxh3 26. Rxf8+ Kxf8 27. Bd2 Kg7 28. b4 Qf3 29. Qxf3 exf3 30. Be1 Kg6 31. Bh4 Bd8 32. Bf2 Kg5 33. Kd3 Kxg4 34. e4 0-1

[Event "HUN-chT2 Toth 0708"]
[Site "Hungary"]
[Date "2007.12.16"]
[Round "5"]
[White "Vicsai, Gabor"]
[Black "Chereches, Marius"]
[Result "1-0"]
[WhiteElo "2206"]
[BlackElo "2311"]
[PlyCount "53"]
[EventDate "2007.10.14"]
[EventType "team-tourn"]
[EventRounds "11"]
[EventCountry "HUN"]
[SourceTitle "EXT 2009"]
[Source "ChessBase"]
[SourceDate "2008.11.26"]
[SourceVersion "1"]
[SourceVersionDate "2008.11.26"]
[SourceQuality "1"]
[WhiteTeam "Mako II"]
[BlackTeam "Gyula"]
[WhiteTeamCountry "HUN"]
[BlackTeamCountry "HUN"]

1. d4 d5 2. c4 e6 3. Nc3 c5 4. cxd5 exd5 5. Nf3 Nc6 6. g3 Nf6 7. Bg2 cxd4 8. Nxd4 Qb6 9. Nxc6 bxc6 10. 0-0 Be6 11. Be3 Qxb2 12. Na4 Qb7 13. Nc5 Qc8 14. Qa4 Nd7 15. Rac1 Nb6 16. Qc2 Nc4 17. Bd4 Bxc5 18. Bxc5 Qa6 19. e4 Qa5 20. exd5 cxd5 21. Bxd5 Bxd5 22. Qe2+ Be6 23. Rxc4 Qa6 24. Rfc1 Rc8 25. Qe3 f6 26. Ra4 Qc6 27. Rxa7 1-0

[Event "Arad Vados"]
[Site "Arad"]
[Date "2007.09.24"]
[Round "5"]
[White "Filip, Lucian Ioan"]
[Black "Chereches, Marius"]
[Result "1-0"]
[WhiteElo "2400"]
[BlackElo "2338"]
[PlyCount "117"]
[EventDate "2007.09.20"]
[EventType "tourn"]
[EventRounds "9"]
[EventCountry "ROU"]
[EventCategory "3"]
[SourceTitle "CBM 120 Extra"]
[Source "ChessBase"]
[SourceDate "2007.11.01"]
[SourceVersion "1"]
[SourceVersionDate "2007.11.01"]
[SourceQuality "1"]

1. d4 d5 2. Nf3 c5 3. c4 e6 4. cxd5 exd5 5. g3 Nc6 6. Bg2 Nf6 7. 0-0 Be7 8. dxc5 Bxc5 9. a3 0-0 10. b4 Bb6 11. Bb2 Bf5 12. Nc3 d4 13. Na4 d3 14. Nxb6 dxe2 15. Qxe2 Qxb6 16. Qd2 Ne8 17. Rfe1 Rd8 18. Qf4 Bg6 19. Rad1 Rxd1 20. Rxd1 Nc7 21. Nd4 Ne6 22. Nxe6 fxe6 23. Qd2 Rd8 24. Qe2 Rxd1+ 25. Qxd1 Qd8 26. Qe1 Qd7 27. b5 Nd8 28. Qc3 b6 29. h4 Nb7 30. Bc6 Qe7 31. Qe5 Nd6 32. h5 Be8 33. Bxe8 Nxe8 34. h6 Qd7 35. hxg7 Nxg7 36. Kh2 Kf8 37. a4 Qe7 38. Bc3 Kg8 39. Kh3 h6 40. g4 Kh7 41. Qe4+ Kg8 42. Qf4 Qa3 43. Qf6 Qf8 44. Qxf8+ Kxf8 45. Be5 Ne8 46. Kh4 Kg8 47. Kh5 Kh7 48. f4 Ng7+ 49. Kh4 Ne8 50. Kh5 Ng7+ 51. Kh4 Ne8 52. Kg3 Kg6 53. Kf3 Nf6 54. Bxf6 Kxf6 55. Ke4 Kf7 56. Ke5 Ke7 57. Ke4 Kf6 58. g5+ hxg5 59. fxg5+ 1-0

[Event "Timisoara Brinzeu Memorial"]
[Site "Timisoara"]
[Date "2006.03.20"]
[Round "3"]
[White "Chereches, Marius"]
[Black "Manolache, Marius"]
[Result "0-1"]
[WhiteElo "2293"]
[BlackElo "2488"]
[PlyCount "59"]
[EventDate "2006.03.18"]
[EventType "swiss"]
[EventRounds "9"]
[EventCountry "ROU"]
[SourceTitle "CBM 111 Extra"]
[Source "ChessBase"]
[SourceDate "2006.05.09"]
[SourceVersion "1"]
[SourceVersionDate "2006.05.09"]
[SourceQuality "1"]

1. e4 c5 2. Nf3 e6 3. d4 cxd4 4. Nxd4 a6 5. c4 Nf6 6. Nc3 Qc7 7. Be3 Bb4 8. Bd3 Nc6 9. Rc1 Ne5 10. a3 Be7 11. h3 0-0 12. f4 Nxd3+ 13. Qxd3 d6 14. 0-0 Bd7 15. g4 Rac8 16. b3 Qa5 17. a4 Kh8 18. Kh2 Qc7 19. Kg2 b6 20. g5 Nh5 21. Nde2 Qb7 22. Ng3 Nxg3 23. Kxg3 f5 24. gxf6 Rxf6 25. Kh2 Rcf8 26. Bd4 Rg6 27. Rg1 Rxf4 28. Bxg7+ Kxg7 29. Rxg6+ hxg6 30. Rg1 0-1

[Event "HUN-chT2 Toth 0405"]
[Site "Hungary"]
[Date "2005.04.24"]
[Round "11"]
[White "Chereches, Marius"]
[Black "Soos, Arpad"]
[Result "0-1"]
[WhiteElo "2318"]
[BlackElo "2393"]
[PlyCount "70"]
[EventDate "2004.09.26"]
[EventType "team-tourn"]
[EventRounds "11"]
[EventCountry "HUN"]
[SourceTitle "EXT 2009"]
[Source "ChessBase"]
[SourceDate "2008.11.26"]
[SourceVersion "1"]
[SourceVersionDate "2008.11.26"]
[SourceQuality "1"]
[WhiteTeam "Battonya"]
[BlackTeam "Koszolg"]
[WhiteTeamCountry "HUN"]
[BlackTeamCountry "HUN"]

1. e4 c5 2. Nf3 d6 3. d4 cxd4 4. Nxd4 Nf6 5. f3 Nc6 6. c4 g6 7. Be3 Bg7 8. Qd2 0-0 9. Nc3 Bd7 10. Be2 Rc8 11. 0-0 a6 12. Rac1 Re8 13. Rfd1 Nh5 14. Nb3 Na5 15. Nd5 Nxb3 16. axb3 Be6 17. b4 Bxd5 18. exd5 e6 19. dxe6 Rxe6 20. Bf1 Bxb2 21. Rc2 Be5 22. g4 Ng7 23. f4 Bf6 24. Bh3 Be7 25. f5 Re4 26. f6 Bxf6 27. g5 Be5 28. Qd3 Rh4 29. Bxc8 Qxc8 30. c5 Qg4+ 31. Rg2 Bxh2+ 32. Kf1 Bg3 33. cxd6 Qf3+ 34. Kg1 Bh2+ 35. Kh1 Bf4+ 0-1

[Event "HUN-chT2 Toth 0405"]
[Site "Hungary"]
[Date "2005.04.10"]
[Round "10"]
[White "Darazs, Zoltan"]
[Black "Chereches, Marius"]
[Result "1/2-1/2"]
[WhiteElo "2221"]
[BlackElo "2318"]
[PlyCount "38"]
[EventDate "2004.09.26"]
[EventType "team-tourn"]
[EventRounds "11"]
[EventCountry "HUN"]
[SourceTitle "EXT 2009"]
[Source "ChessBase"]
[SourceDate "2008.11.26"]
[SourceVersion "1"]
[SourceVersionDate "2008.11.26"]
[SourceQuality "1"]
[WhiteTeam "Kalocsa"]
[BlackTeam "Battonya"]
[WhiteTeamCountry "HUN"]
[BlackTeamCountry "HUN"]

1. e4 c5 2. Nf3 Nc6 3. d4 cxd4 4. Nxd4 Nf6 5. Nc3 e6 6. Ndb5 Bb4 7. a3 Bxc3+ 8. Nxc3 d5 9. exd5 exd5 10. Bd3 d4 11. Ne2 Bf5 12. 0-0 Bxd3 13. Qxd3 0-0 14. Bg5 h6 15. Bh4 Re8 16. Rad1 Rc8 17. c3 g5 18. Bg3 dxc3 19. Qf5 Qe7 1/2-1/2

[Event "HUN-chT2 Toth 0405"]
[Site "Hungary"]
[Date "2005.02.20"]
[Round "8"]
[White "Sarosi, Zoltan"]
[Black "Chereches, Marius"]
[Result "1/2-1/2"]
[WhiteElo "2348"]
[BlackElo "2318"]
[PlyCount "123"]
[EventDate "2004.09.26"]
[EventType "team-tourn"]
[EventRounds "11"]
[EventCountry "HUN"]
[SourceTitle "EXT 2009"]
[Source "ChessBase"]
[SourceDate "2008.11.26"]
[SourceVersion "1"]
[SourceVersionDate "2008.11.26"]
[SourceQuality "1"]
[WhiteTeam "Takisz"]
[BlackTeam "Battonya"]
[WhiteTeamCountry "HUN"]
[BlackTeamCountry "HUN"]

1. d4 d5 2. c4 e6 3. Nc3 c5 4. cxd5 exd5 5. Nf3 Nc6 6. g3 Nf6 7. Bg2 Be7 8. 0-0 0-0 9. Bg5 cxd4 10. Nxd4 Be6 11. Rc1 h6 12. Be3 Ng4 13. Bf4 g5 14. Nxc6 bxc6 15. Bd2 Qb6 16. Na4 Qb5 17. Bc3 Rad8 18. Bd4 Nf6 19. Bc5 Bxc5 20. Rxc5 Qa6 21. Qc2 Rd6 22. b4 Bf5 23. Qxf5 Qxa4 24. Qc2 Qxc2 25. Rxc2 Rb8 26. a3 Rb6 27. Rfc1 Kf8 28. e3 Ke7 29. Bf1 Ne4 30. f3 Nf6 31. g4 Nd7 32. Kf2 Ne5 33. Kg3 Re6 34. Rc3 Ng6 35. Rd1 Kd6 36. Rd4 Re8 37. f4 Ra8 38. a4 a5 39. b5 Re8 40. bxc6 Rb4 41. fxg5 hxg5 42. Rxb4 axb4 43. Rb3 Re4 44. Bg2 Rc4 45. c7 Ne7 46. Kf3 Kxc7 47. Bf1 Nc6 48. Bxc4 dxc4 49. Rb1 Kb6 50. Ke2 Ka5 51. Kd2 Kxa4 52. Kc2 Ne5 53. h3 c3 54. Ra1+ Kb5 55. Ra8 Nd7 56. Rd8 Nc5 57. Rd5 f6 58. Rd8 Kc4 59. Rd4+ Kb5 60. Rd8 Ne6 61. Rd6 Nc5 62. Rd8 1/2-1/2